Bariéry sú výzvou pre každého
Správa o realizácii Národného programu rozvoja životných podmienok občanov so zdravotným postihnutím vo všetkých oblastiach života schválená vládou SR v novembri 2006 - stručný výber. Prístup k informáciám. Úprava budov. Nejednotné zľavy. Vzdelávanie. Šance na trhu práce.
Guardado en:
| Autor principal: | |
|---|---|
| Formato: | Capítulo de libro |
| Lenguaje: | eslovaco |
| Materias: | |
| Etiquetas: |
Sin Etiquetas, Sea el primero en etiquetar este registro!
|
MARC
| LEADER | 00000naa$a2200000$$$4500 | ||
|---|---|---|---|
| 001 | 0052394 | ||
| 005 | 20231016085356.5 | ||
| 041 | 0 | |a slo | |
| 044 | |a SK | ||
| 245 | 1 | 0 | |a Bariéry sú výzvou pre každého |c Zdena Čupíková |
| 520 | |a Správa o realizácii Národného programu rozvoja životných podmienok občanov so zdravotným postihnutím vo všetkých oblastiach života schválená vládou SR v novembri 2006 - stručný výber. Prístup k informáciám. Úprava budov. Nejednotné zľavy. Vzdelávanie. Šance na trhu práce. | ||
| 610 | 2 | 0 | |a invalidi |
| 610 | 2 | 0 | |a schopnosti pracovné zmenené |
| 610 | 2 | 0 | |a informácie |
| 610 | 2 | 0 | |a vzdelávanie |
| 610 | 2 | 0 | |a trh práce |
| 100 | 1 | |a Čupíková, Zdena | |